000 00649nam a2200277Ia 4500
005 20260324133246.0
008 008 260324s9999 xx 000 0 eng d
020 _a9780203495865
037 _aEBOOK
040 _aCRL
040 _beng
040 _cCRL
041 _2eng
041 _aeng
084 _qCRL
100 _aDavid Hughes; Huseyin Mehmet
_91192400
245 0 _aCell Proliferation and Apoptosis
260 _bTaylor and Francis
260 _c2003
365 _a
365 _b460
856 _uhttp://www.taylorfrancis.com/books/9780203495865
942 _cEBOOK
999 _c1791283
_d1791283